000 00281nam a2200097Ia 4500
008 220204s9999 xx 000 0 und d
082 _a339.562(5-15)
_bTOP
245 0 _aTop importers in middle east countries 1997-98
260 _aNew Delhi
_bCentre of Publications
_c1998
942 _cBK
999 _c41768
_d41768